[Event "BOL-ch (Women)"]
[Site "La Paz"]
[Date "2020.01.20"]
[Round "5"]
[White "Borda Rivera, Carla Wendy"]
[Black "Cordero, Daniela"]
[Result "1/2-1/2"]
[WhiteElo "2002"]
[BlackElo "2063"]
[PlyCount "55"]
[EventDate "2020.01.18"]
[EventType "tourn"]
[EventRounds "7"]
[EventCountry "BOL"]
[SourceTitle "CBM 194 Extra"]
[Source "ChessBase"]
[SourceDate "2020.03.31"]
[SourceVersion "1"]
[SourceVersionDate "2020.03.31"]
[SourceQuality "1"]

1. e4 e6 2. d4 d5 3. exd5 exd5 4. Bd3 Nc6 5. c3 Bd6 6. Ne2 Qh4 7. Nd2 Bg4 8. Qc2 Nge7 9. Nf1 0-0-0 10. Be3 f5 11. 0-0-0 Rhf8 12. f3 Bh5 13. g3 Qf6 14. Nd2 Rde8 15. f4 Ng8 16. Nf1 Bf3 17. Rg1 Bg4 18. Re1 Bh3 19. Bf2 Bxf1 20. Rgxf1 h6 21. Ng1 Rxe1+ 22. Rxe1 g5 23. Be3 g4 24. Bf2 Nge7 25. Qe2 Nd8 26. Kb1 h5 27. h4 Ng6 28. Qe3 1/2-1/2

[Event "BOL-ch (Women)"]
[Site "La Paz"]
[Date "2020.01.19"]
[Round "4"]
[White "Monroy Garzon, Nataly Alejandra"]
[Black "Borda Rivera, Carla Wendy"]
[Result "1/2-1/2"]
[WhiteElo "1923"]
[BlackElo "2002"]
[PlyCount "56"]
[EventDate "2020.01.18"]
[EventType "tourn"]
[EventRounds "7"]
[EventCountry "BOL"]
[SourceTitle "CBM 194 Extra"]
[Source "ChessBase"]
[SourceDate "2020.03.31"]
[SourceVersion "1"]
[SourceVersionDate "2020.03.31"]
[SourceQuality "1"]

1. d4 d5 2. c4 c6 3. Nf3 Nf6 4. Nc3 dxc4 5. a4 Bf5 6. e3 e6 7. Bxc4 Nbd7 8. 0-0 Be7 9. h3 Nd5 10. Nd2 N7f6 11. Re1 Nxc3 12. bxc3 Ne4 13. Nxe4 Bxe4 14. Qg4 Bg6 15. e4 Qa5 16. Qg3 0-0 17. Bf4 Qh5 18. Qe3 Rad8 19. g4 Qa5 20. Qg3 Rd7 21. Be5 Qd8 22. Re2 Bd6 23. Bxd6 Rxd6 24. f4 h6 25. f5 exf5 26. gxf5 Bh5 27. Rg2 g5 28. e5 Rxd4 1/2-1/2

[Event "Mar del Plata Duchamp op 45th"]
[Site "Mar del Plata"]
[Date "2014.04.12"]
[Round "1"]
[White "Borda Rivera, Carla Wendy"]
[Black "Tristan, Leonardo"]
[Result "0-1"]
[WhiteElo "1921"]
[BlackElo "2434"]
[PlyCount "48"]
[EventDate "2014.04.12"]
[EventType "swiss"]
[EventRounds "9"]
[EventCountry "ARG"]
[SourceTitle "CBM 159 Extra"]
[Source "ChessBase"]
[SourceDate "2014.04.24"]
[SourceVersion "1"]
[SourceVersionDate "2014.04.24"]
[SourceQuality "1"]

1. e4 d6 2. Nf3 Nf6 3. d3 g6 4. g3 Bg7 5. Bg2 0-0 6. 0-0 c5 7. Nc3 Nc6 8. h3 Rb8 9. a4 a6 10. Be3 b5 11. axb5 axb5 12. Qd2 b4 13. Ne2 Re8 14. Bh6 Bh8 15. Ng5 Qb6 16. Kh2 c4 17. Nf3 Bb7 18. Be3 Qc7 19. Nfd4 Nxd4 20. Bxd4 Bc6 21. f4 e5 22. Be3 b3 23. Rfc1 exf4 24. Nxf4 c3 0-1

[Event "American Continental 09th"]
[Site "Cochabamba"]
[Date "2013.05.08"]
[Round "2"]
[White "Borda Rivera, Carla Wendy"]
[Black "Prasca Sosa, Rafael Felipe"]
[Result "0-1"]
[WhiteElo "1950"]
[BlackElo "2426"]
[PlyCount "72"]
[EventDate "2013.05.07"]
[EventType "swiss"]
[EventRounds "11"]
[EventCountry "BOL"]
[SourceTitle "CBM 154 Extra"]
[Source "ChessBase"]
[SourceDate "2013.06.25"]
[SourceVersion "2"]
[SourceVersionDate "2013.06.25"]
[SourceQuality "1"]

1. e4 e6 2. d4 d5 3. e5 c5 4. c3 Nc6 5. Nf3 Nge7 6. Na3 Nf5 7. Nc2 Be7 8. Bd3 c4 9. Be2 Bd7 10. g4 Nh4 11. Nxh4 Bxh4 12. Rg1 h6 13. Bf4 Qb6 14. Qb1 Qa5 15. Bd2 Qc7 16. b4 f6 17. exf6 Qxh2 18. f7+ Kxf7 19. Rf1 Rhf8 20. b5 Ne7 21. Qb4 Kg8 22. 0-0-0 Ng6 23. Rde1 Bxf2 24. Rd1 Bg3 25. Bf3 Bd6 26. Qb2 Qh3 27. Be2 Rxf1 28. Bxf1 Qxg4 29. Ne3 Qh5 30. Qc2 Nf4 31. a4 a6 32. b6 a5 33. Ng2 Nxg2 34. Bxg2 Qe8 35. Rh1 Ba3+ 36. Kb1 Bxa4 0-1

[Event "Olympiad Women-40"]
[Site "Istanbul"]
[Date "2012.08.28"]
[Round "1.2"]
[White "Gunina, Valentina"]
[Black "Borda Rivera, Carla Wendy"]
[Result "1-0"]
[WhiteElo "2507"]
[BlackElo "1977"]
[PlyCount "85"]
[EventDate "2012.08.28"]
[EventType "team-swiss"]
[EventRounds "11"]
[EventCountry "TUR"]
[SourceTitle "CBM 150 Extra"]
[Source "ChessBase"]
[SourceDate "2012.10.19"]
[SourceVersion "1"]
[SourceVersionDate "2012.10.19"]
[SourceQuality "1"]
[WhiteTeam "Russia (W)"]
[BlackTeam "Bolivia (W)"]
[WhiteTeamCountry "RUS"]
[BlackTeamCountry "BOL"]

1. d4 d5 2. c4 c6 3. Nc3 Nf6 4. e3 g6 5. Nf3 Bg7 6. Be2 0-0 7. 0-0 Bg4 8. cxd5 cxd5 9. Qb3 b6 10. h3 Bc8 11. Ne5 Bb7 12. Bd2 Nc6 13. Nxc6 Bxc6 14. Rfc1 Qd7 15. a4 e6 16. Ba6 Rfd8 17. f3 Ne8 18. Nb5 Bb7 19. Bxb7 Qxb7 20. Rc2 a6 21. Na3 Nd6 22. Rac1 Rdc8 23. Be1 Rxc2 24. Rxc2 Rc8 25. Bg3 Rxc2 26. Nxc2 Nc4 27. Qc3 Bf8 28. b3 Na5 29. Nb4 b5 30. Nd3 b4 31. Qc2 Qc6 32. Qb2 Qc3 33. Qxc3 bxc3 34. Be1 Nxb3 35. Bxc3 Ba3 36. Kf1 Nc1 37. Nb4 Bxb4 38. Bxb4 Nb3 39. Ke2 f6 40. Kd1 e5 41. Bc3 exd4 42. exd4 Kf7 43. Kc2 1-0

[Event "Kuna Arandu (Women)"]
[Site "Luque"]
[Date "2012.06.13"]
[Round "9"]
[White "Perez, Dalila"]
[Black "Borda Rivera, Carla Wendy"]
[Result "1/2-1/2"]
[WhiteElo "1739"]
[BlackElo "1982"]
[PlyCount "49"]
[EventDate "2012.06.05"]
[EventType "tourn"]
[EventRounds "9"]
[EventCountry "PAR"]
[SourceTitle "CBM 148 Extra"]
[Source "ChessBase"]
[SourceDate "2012.06.22"]
[SourceVersion "1"]
[SourceVersionDate "2012.06.22"]
[SourceQuality "1"]

1. d4 Nf6 2. c4 d6 3. Nf3 Nbd7 4. Bf4 c6 5. Nc3 Qa5 6. a3 e5 7. dxe5 dxe5 8. Bd2 Qc7 9. e4 a5 10. Be2 Nc5 11. Qc2 a4 12. Rd1 Bg4 13. 0-0 Ne6 14. Be3 Bxf3 15. Bxf3 Qa5 16. Ne2 Bc5 17. Ng3 Bxe3 18. fxe3 Qc5 19. Nf5 0-0 20. Qe2 Rad8 21. h3 Ng5 22. Ng3 Ne6 23. Nf5 Ng5 24. Ng3 Ne6 25. Nf5 1/2-1/2

[Event "Kuna Arandu (Women)"]
[Site "Luque"]
[Date "2012.06.12"]
[Round "8"]
[White "Borda Rivera, Carla Wendy"]
[Black "Fernandez, Maria Florencia"]
[Result "1-0"]
[WhiteElo "1982"]
[BlackElo "2150"]
[PlyCount "63"]
[EventDate "2012.06.05"]
[EventType "tourn"]
[EventRounds "9"]
[EventCountry "PAR"]
[SourceTitle "CBM 148 Extra"]
[Source "ChessBase"]
[SourceDate "2012.06.22"]
[SourceVersion "1"]
[SourceVersionDate "2012.06.22"]
[SourceQuality "1"]

1. e4 c5 2. Nf3 d6 3. d4 cxd4 4. Nxd4 Nf6 5. Nc3 g6 6. g3 Nc6 7. Bg2 Bd7 8. Nde2 Bg7 9. Bd2 Rb8 10. Qc1 0-0 11. Bh6 b5 12. Bxg7 Kxg7 13. 0-0 Ne5 14. Nd5 Nxd5 15. exd5 Qb6 16. Qd2 Rfc8 17. Rfc1 Bg4 18. Nd4 b4 19. b3 Rc3 20. a3 a5 21. axb4 axb4 22. h3 Bxh3 23. Bxh3 Qxd4 24. Qxd4 f6 25. Kg2 Rb7 26. Be6 Nf3 27. Qg4 Ne5 28. Qe2 f5 29. Ra8 Ng4 30. Rg8+ Kf6 31. Qd2 Rbc7 32. Qd4+ 1-0

[Event "Kuna Arandu (Women)"]
[Site "Luque"]
[Date "2012.06.11"]
[Round "7"]
[White "Chumpitaz Carbajal, Ann"]
[Black "Borda Rivera, Carla Wendy"]
[Result "1-0"]
[WhiteElo "2220"]
[BlackElo "1982"]
[PlyCount "57"]
[EventDate "2012.06.05"]
[EventType "tourn"]
[EventRounds "9"]
[EventCountry "PAR"]
[SourceTitle "CBM 148 Extra"]
[Source "ChessBase"]
[SourceDate "2012.06.22"]
[SourceVersion "1"]
[SourceVersionDate "2012.06.22"]
[SourceQuality "1"]

1. e4 d6 2. d4 Nf6 3. Nc3 Nbd7 4. f4 e5 5. Nf3 Be7 6. Bd3 c6 7. Qe2 Qc7 8. Bd2 b5 9. d5 a6 10. dxc6 Qxc6 11. Nd5 Bd8 12. fxe5 dxe5 13. Bb4 Bb7 14. 0-0-0 Bb6 15. Ne3 Qe6 16. Nf5 0-0-0 17. Kb1 Nc5 18. Nxg7 Qg4 19. Nf5 Nfxe4 20. Ne3 Qf4 21. Bxb5 Nf2 22. Nc4 axb5 23. Nxb6+ Kb8 24. Bxc5 Rxd1+ 25. Rxd1 Nxd1 26. Qxd1 Bxf3 27. Qd6+ Kb7 28. Qd7+ Ka6 29. Nd5 1-0

[Event "Kuna Arandu (Women)"]
[Site "Luque"]
[Date "2012.06.10"]
[Round "5"]
[White "Chang, Suzana"]
[Black "Borda Rivera, Carla Wendy"]
[Result "0-1"]
[WhiteElo "2013"]
[BlackElo "1982"]
[PlyCount "120"]
[EventDate "2012.06.05"]
[EventType "tourn"]
[EventRounds "9"]
[EventCountry "PAR"]
[SourceTitle "CBM 148 Extra"]
[Source "ChessBase"]
[SourceDate "2012.06.22"]
[SourceVersion "1"]
[SourceVersionDate "2012.06.22"]
[SourceQuality "1"]

1. e4 c6 2. d4 d5 3. exd5 cxd5 4. Bd3 Nc6 5. c3 Nf6 6. Bf4 Bg4 7. Qb3 Qc8 8. Nd2 e6 9. Ngf3 a6 10. 0-0 Be7 11. Rae1 b5 12. Ne5 Bh5 13. Ndf3 Nd7 14. Qc2 Bxf3 15. Nxf3 h6 16. Qe2 Bd8 17. a4 b4 18. c4 Ne7 19. c5 Bc7 20. Bd2 Nc6 21. Bb1 Nf6 22. h3 Qb8 23. Bd3 Qc8 24. Rc1 0-0 25. Rfe1 Re8 26. Ne5 Bxe5 27. dxe5 Nd7 28. Bf4 Nf8 29. Qg4 Kh8 30. Re3 Ne7 31. h4 Nfg6 32. Bg3 Nf5 33. Bxf5 exf5 34. Qxb4 Rb8 35. Qd4 Qe6 36. h5 Ne7 37. Rd3 a5 38. Qc3 Rb4 39. f4 Rc8 40. Qd2 Rxa4 41. Bh4 Nc6 42. Rxd5 Nb4 43. Rd6 Qe8 44. Bf2 Nc6 45. Rd1 Kh7 46. Be3 Rb4 47. Rc1 Rcb8 48. Rc2 Rd8 49. Qd5 Rc8 50. Qd3 Re4 51. Bd2 Rb8 52. g4 Qc8 53. Kf2 Nb4 54. Bxb4 Rbxb4 55. Kg3 Rxf4 56. gxf5 Rg4+ 57. Kh2 Rbe4 58. Re2 Qxf5 59. Rxe4 Qf2+ 60. Kh3 Qg2# 0-1

[Event "Kuna Arandu (Women)"]
[Site "Luque"]
[Date "2012.06.08"]
[Round "4"]
[White "Borda Rivera, Carla Wendy"]
[Black "Heredia Serrano, Carla Sofia"]
[Result "0-1"]
[WhiteElo "1982"]
[BlackElo "2167"]
[PlyCount "126"]
[EventDate "2012.06.05"]
[EventType "tourn"]
[EventRounds "9"]
[EventCountry "PAR"]
[SourceTitle "CBM 148 Extra"]
[Source "ChessBase"]
[SourceDate "2012.06.22"]
[SourceVersion "1"]
[SourceVersionDate "2012.06.22"]
[SourceQuality "1"]

1. e4 c5 2. Nf3 Nc6 3. d4 cxd4 4. Nxd4 g6 5. Nc3 Bg7 6. Nde2 Nf6 7. g3 d6 8. Bg2 Bd7 9. h3 Qc8 10. Be3 0-0 11. f4 Na5 12. Bd4 Nc4 13. Nd5 Nxd5 14. exd5 Nxb2 15. Qc1 Bxd4 16. Nxd4 Qc3+ 17. Qd2 Qxg3+ 18. Kf1 e5 19. fxe5 dxe5 20. Ne2 Bb5 21. Kg1 Qh4 22. Nc3 Qb4 23. Qe1 Qd4+ 24. Kh2 Ba6 25. Ne4 f5 26. c3 Qb6 27. Ng5 e4 28. Qh4 Qd6+ 29. Kg1 h5 30. Ne6 Qxd5 31. Nxf8 Rxf8 32. Qg5 Qc5+ 33. Kh2 Qd6+ 34. Kg1 Nd3 35. Qe3 Nf4 36. Bf1 Nd5 37. Qe1 Qb6+ 38. Kh2 Qb2+ 39. Bg2 Qxc3 40. Qxc3 Nxc3 41. Rhc1 Nd5 42. Re1 Bd3 43. Rac1 Kf7 44. Rc5 Rd8 45. Rec1 Kf6 46. h4 Ke5 47. Rg1 Kd4 48. Ra5 a6 49. Bh3 Rd6 50. Rg3 b5 51. Ra3 Rc6 52. Rb3 Nf4 53. Rb2 a5 54. Rg1 b4 55. Bf1 Rc3 56. Bxd3 exd3 57. Rf2 Rc2 58. Rgf1 Ke3 59. Kg3 Rxf2 60. Rxf2 Ne2+ 61. Kg2 a4 62. Rf1 f4 63. Ra1 f3+ 0-1

[Event "Kuna Arandu (Women)"]
[Site "Luque"]
[Date "2012.06.05"]
[Round "1"]
[White "Borda Rivera, Carla Wendy"]
[Black "Cordero, Daniela"]
[Result "1/2-1/2"]
[WhiteElo "1982"]
[BlackElo "2090"]
[PlyCount "31"]
[EventDate "2012.06.05"]
[EventType "tourn"]
[EventRounds "9"]
[EventCountry "PAR"]
[SourceTitle "CBM 148 Extra"]
[Source "ChessBase"]
[SourceDate "2012.06.22"]
[SourceVersion "1"]
[SourceVersionDate "2012.06.22"]
[SourceQuality "1"]

1. e4 e6 2. d4 d5 3. exd5 exd5 4. Bd3 Nc6 5. c3 Bd6 6. Ne2 Qh4 7. Ng3 Bxg3 8. fxg3 Qe7+ 9. Qe2 Bg4 10. Qxe7+ Ngxe7 11. 0-0 f6 12. Nd2 0-0-0 13. Nb3 Kb8 14. Bd2 Nc8 15. Rae1 Nd6 16. Nc5 1/2-1/2

[Event "South America-ch U20 Girls 5th"]
[Site "Cochabamba"]
[Date "2009.04.12"]
[Round "7"]
[White "Borda Rivera, Carla Wendy"]
[Black "Vargas, Gabriela"]
[Result "1-0"]
[WhiteElo "2022"]
[BlackElo "2090"]
[PlyCount "119"]
[EventDate "2009.04.08"]
[EventType "tourn"]
[EventRounds "9"]
[EventCountry "BOL"]
[SourceTitle "CBM 129 Extra"]
[Source "ChessBase"]
[SourceDate "2009.05.05"]
[SourceVersion "2"]
[SourceVersionDate "2009.05.20"]
[SourceQuality "1"]

1. e4 d5 2. exd5 Nf6 3. d4 Nxd5 4. Nf3 Bg4 5. Be2 Nc6 6. c4 Nb6 7. d5 Bxf3 8. Bxf3 Ne5 9. b3 e6 10. 0-0 Nxf3+ 11. Qxf3 exd5 12. Re1+ Be7 13. Ba3 Nc8 14. Qe2 Kf8 15. cxd5 Bxa3 16. Nxa3 Nd6 17. Nc4 f6 18. Rac1 Qd7 19. Nxd6 cxd6 20. Qe6 Qxe6 21. Rxe6 Kf7 22. Rc7+ Kg6 23. Rxd6 Rhc8 24. Rdd7 Rxc7 25. Rxc7 Rd8 26. Rxb7 Rxd5 27. g3 Ra5 28. a4 f5 29. Kg2 a6 30. h3 Kf6 31. g4 fxg4 32. hxg4 h6 33. Kg3 Kg6 34. Rb6+ Kf7 35. Kf4 g6 36. Ke4 h5 37. gxh5 gxh5 38. f4 Kg7 39. f5 h4 40. Rg6+ Kf7 41. Rh6 Rc5 42. Rxh4 Rc3 43. Rh7+ Ke8 44. Rb7 Rc5 45. b4 Rc1 46. Ke5 Rc6 47. b5 axb5 48. axb5 Rh6 49. f6 Rh1 50. f7+ Kf8 51. Kd5 Rh4 52. Kc5 Kg7 53. Rc7 Rh6 54. b6 Rh5+ 55. Kc6 Rh1 56. b7 Rc1+ 57. Kb6 Rb1+ 58. Ka5 Ra1+ 59. Kb4 Rb1+ 60. Ka3 1-0

[Event "Pan American-ch U18 Girls"]
[Site "Cuenca"]
[Date "2006.08.??"]
[Round "8"]
[White "Borda Rivera, Carla Wendy"]
[Black "Zapata, Talia"]
[Result "0-1"]
[WhiteElo "2031"]
[BlackElo "2083"]
[PlyCount "82"]
[EventDate "2006.08.??"]
[EventType "swiss"]
[EventRounds "8"]
[EventCountry "ECU"]
[SourceTitle "EXT 2022"]
[Source "ChessBase"]
[SourceDate "2021.10.06"]
[SourceVersion "1"]
[SourceVersionDate "2021.10.06"]
[SourceQuality "1"]

1. e4 c5 2. c3 d5 3. e5 Nc6 4. f4 d4 5. d3 e6 6. c4 Nge7 7. Nf3 b5 8. b3 Nf5 9. Na3 b4 10. Nc2 a5 11. Bd2 Bb7 12. g3 h5 13. Rg1 Ra7 14. Be2 Qa8 15. Kf2 Be7 16. Qc1 Nh6 17. h3 Nf5 18. Qd1 g6 19. Nh2 Kd7 20. Bf3 Qd8 21. Qe2 Kc7 22. Ke1 Qd7 23. Kd1 Rha8 24. a4 bxa3 25. Nxa3 Kd8 26. Nb5 Ra6 27. Ke1 Nb4 28. Kf2 a4 29. bxa4 Rxa4 30. Rxa4 Rxa4 31. Bxb7 Qxb7 32. Rc1 Ra2 33. Nf3 h4 34. gxh4 Bxh4+ 35. Nxh4 Nxh4 36. Rg1 Rxd2 37. Qxd2 Qf3+ 38. Ke1 Nxd3+ 39. Qxd3 Qxd3 40. Rf1 Qe3+ 41. Kd1 Nf3 0-1

[Event "Olympiad Women-36"]
[Site "Mallorca"]
[Date "2004.10.29"]
[Round "14.1"]
[White "Nakagawa, Emiko"]
[Black "Borda Rivera, Carla Wendy"]
[Result "1/2-1/2"]
[WhiteElo "1949"]
[BlackElo "2088"]
[PlyCount "61"]
[EventDate "2004.10.15"]
[EventType "team-swiss"]
[EventRounds "14"]
[EventCountry "ESP"]
[SourceTitle "CBM 102 Extra"]
[Source "ChessBase"]
[SourceDate "2004.11.03"]
[SourceVersion "1"]
[SourceVersionDate "2004.11.03"]
[SourceQuality "1"]
[WhiteTeam "Japan (W)"]
[BlackTeam "Bolivia (W)"]
[WhiteTeamCountry "JPN"]
[BlackTeamCountry "BOL"]

1. d4 Nf6 2. c4 e6 3. Nc3 c5 4. d5 exd5 5. cxd5 d6 6. e4 g6 7. Nf3 Bg7 8. Be2 0-0 9. 0-0 Na6 10. Nd2 Nc7 11. f4 Re8 12. Qc2 a6 13. a4 Rb8 14. Nf3 b5 15. axb5 axb5 16. Bd3 Bg4 17. Bd2 Bxf3 18. Rxf3 Ng4 19. Be1 Bd4+ 20. Kh1 Ne3 21. Qc1 Nc4 22. Bf2 Bxf2 23. Rxf2 Nb6 24. Rf1 b4 25. Ne2 Rc8 26. Qc2 Qe7 27. Ng1 Kh8 28. Nf3 Kg8 29. Nd2 Qf8 30. Nc4 Nxc4 31. Qxc4 1/2-1/2

[Event "Olympiad Women-36"]
[Site "Mallorca"]
[Date "2004.10.27"]
[Round "12.1"]
[White "Borda Rivera, Carla Wendy"]
[Black "Valickova, Martina"]
[Result "1/2-1/2"]
[WhiteElo "2088"]
[BlackElo "2076"]
[PlyCount "43"]
[EventDate "2004.10.15"]
[EventType "team-swiss"]
[EventRounds "14"]
[EventCountry "ESP"]
[SourceTitle "CBM 102 Extra"]
[Source "ChessBase"]
[SourceDate "2004.11.03"]
[SourceVersion "1"]
[SourceVersionDate "2004.11.03"]
[SourceQuality "1"]
[WhiteTeam "Bolivia (W)"]
[BlackTeam "IPCA (W)"]
[WhiteTeamCountry "BOL"]

1. e4 e5 2. Nf3 Nc6 3. Bc4 Nf6 4. d4 exd4 5. 0-0 Nxe4 6. Re1 d5 7. Bxd5 Qxd5 8. Nc3 Qa5 9. Nxe4 Be6 10. Neg5 0-0-0 11. Nxe6 fxe6 12. Rxe6 Bd6 13. Bg5 Rde8 14. Qe2 Kd7 15. Re1 Qxe1+ 16. Qxe1 Rxe6 17. Qd1 Rhe8 18. g3 Kc8 19. Kg2 Bc5 20. a3 a5 21. Qd3 g6 22. Qf5 1/2-1/2

[Event "Olympiad Women-36"]
[Site "Mallorca"]
[Date "2004.10.25"]
[Round "10.1"]
[White "Borda Rivera, Carla Wendy"]
[Black "Nguyen, Thi Thanh An"]
[Result "0-1"]
[WhiteElo "2088"]
[BlackElo "2345"]
[PlyCount "124"]
[EventDate "2004.10.15"]
[EventType "team-swiss"]
[EventRounds "14"]
[EventCountry "ESP"]
[SourceTitle "CBM 102 Extra"]
[Source "ChessBase"]
[SourceDate "2004.11.03"]
[SourceVersion "1"]
[SourceVersionDate "2004.11.03"]
[SourceQuality "1"]
[WhiteTeam "Bolivia (W)"]
[BlackTeam "Vietnam (W)"]
[WhiteTeamCountry "BOL"]
[BlackTeamCountry "VIE"]

1. e4 c5 2. c3 Nf6 3. d3 d6 4. f4 Nc6 5. Nf3 g6 6. g3 Bg7 7. Bg2 Qc7 8. Qc2 0-0 9. 0-0 Rb8 10. h3 b5 11. Be3 b4 12. d4 bxc3 13. bxc3 d5 14. e5 Ne4 15. g4 Na5 16. Nbd2 cxd4 17. Bxd4 Ng3 18. Rfe1 f5 19. g5 Ba6 20. Nf1 Nxf1 21. Bxf1 Bxf1 22. Rxf1 Nc4 23. Qd3 Rb2 24. Rf2 Rfb8 25. Nd2 e6 26. Nb3 Rxf2 27. Kxf2 a5 28. Re1 Bf8 29. Re2 a4 30. Nd2 Nb2 31. Qa6 Qc8 32. Qxc8 Rxc8 33. Ke3 Kf7 34. h4 a3 35. Nb3 Be7 36. Rh2 Nc4+ 37. Kd3 h6 38. gxh6 Rh8 39. h5 Rxh6 40. hxg6+ Rxg6 41. Rh7+ Kf8 42. Rh2 Rg3+ 43. Ke2 Kg7 44. Nd2 Nb2 45. Kf2 Rg4 46. Ke3 Bh4 47. Nf3 Bg3 48. Re2 Bxf4+ 49. Kf2 Nc4 50. Ne1 Bg3+ 51. Kf1 Bxe1 52. Kxe1 Kg6 53. Kf1 f4 54. Rf2 Kf5 55. Ke2 Nxe5 56. Ba7 Nc4 57. Kd1 e5 58. Kc2 e4 59. Bd4 e3 60. Rh2 Ke4 61. Rh7 Rg2+ 62. Kc1 Rxa2 0-1